MARC

LEADER 00000nas a2200000 i 4500
001 ssj0001342510
003 WaSeSS
005 20200512172242.0
006 m d
007 cr n
008 140702c20139999nz || pos 0 0eng c
010 |a  2015240321 
016 7 |a 101658666  |2 DNLM 
022 |a 2253-1564  |l 2253-1564  |y 2253-1564 
035 |a (WaSeSS)ssj0001342510 
040 |a CNCGM  |b eng  |e pn  |c CNCGM  |d S4S  |d OCLCO  |d OCLCF  |d IXA  |d EUW  |d CUS  |d CUI  |d OCL  |d OCLCQ  |d NLM  |d VT2  |d OCLCO  |d OCLCA  |d WaSeSS 
042 |a pcc 
060 0 0 |a W1 
210 1 0 |a Smart Homecare Technol Telehealth  |2 dnlm 
245 0 0 |a Smart homecare technology and telehealth  |h [electronic resource]. 
246 1 |a Smart home care technology and telehealth 
246 1 |i Title in HTML header:  |a Journal of smart homecare technology and telehealth 
260 |a [Auckland, NZ] :  |b Dove Medical Press Ltd.,  |c [2013]- 
362 1 |a Began with Volume 1 (2013). 
506 |a License restrictions may limit access. 
515 |a Articles continuously published and available in annual volumes. 
515 |a Numbering from journal articles content page. 
588 |a Description based on: Volume 1 (2013); title from PDF caption (publisher's Web site, viewed Aug. 11, 2016). 
588 |a Latest issue consulted: Volume 3 (2015) (viewed Aug. 5, 2016). 
650 0 |a Home care services  |v Periodicals. 
650 0 |a Medical telematics  |v Periodicals. 
650 0 |a Telecommunication in medicine  |v Periodicals. 
650 1 2 |a Home Care Services. 
650 2 2 |a Telemedicine. 
650 7 |a Home care services.  |2 fast  |0 (OCoLC)fst00959108 
650 7 |a Medical telematics.  |2 fast  |0 (OCoLC)fst01014774 
650 7 |a Telecommunication in medicine.  |2 fast  |0 (OCoLC)fst01146012 
655 0 |a Electronic journals. 
856 4 0 |z Full text available from Research Library: 01/01/2013 to 12/31/2015  |u https://search.proquest.com/publication/3933276 
856 4 0 |z Full text available from Research Library: 01/01/2017 to present  |u https://search.proquest.com/publication/3933276